Desarrollo del niño en contexto

Збережено в:
Бібліографічні деталі
Автор: Lejarraga, Horacio (Автор)
Формат: Книга
Мова:Іспанська
Опубліковано: Buenos Aires Paidós 2008
Редагування:1a. ed
Серія:Tramas Sociales, 24
Предмети:
Теги: Додати тег
Немає тегів, Будьте першим, хто поставить тег для цього запису!

MARC

LEADER 00000cam a2200000 a 4500
001 UCE4437
003 CL-VaPUC
008 141023e20080000ag |||||||||||||||||spa|d
020 |a 9789501245240 
082 0 4 |a 155.4  |b LEJ  |2 21 
100 |a Lejarraga, Horacio  |e author  |9 576995 
245 1 0 |a Desarrollo del niño en contexto 
250 |a 1a. ed 
300 |a 683 p 
942 |c BK 
945 |d 20141023 15:21:00  |a arojas 
260 |a Buenos Aires  |b Paidós  |c 2008 
650 0 |a Psicología del desarrollo  |9 307541 
650 7 |a DESARROLLO PSICOLOGICO  |2 CL-VaPUC  |9 369936 
650 0 |a Desarrollo mental   |9 313003 
650 0 |a Desarrollo social  |9 264534 
650 0 |a Psicología del niño  |9 307305 
650 0 |a Pediatría  |9 309397 
650 0 |a Desarrollo físico  |9 334273 
583 |a last modification  |c 20141023 15:21:00  |k Rodrigo Vera 
490 0 |a Tramas Sociales, 24 
999 |c 357398  |d 357396 
952 |0 0  |1 0  |3 erb  |4 0  |6 155_400000000000000_LEJ_2008  |7 0  |8 A  |9 465321  |a BIBEDU  |b BIBEDU  |i 5120241  |o 155.4 LEJ 2008  |p 5120241  |r 2019-11-23  |w 2019-11-23  |y BK  |z Catalogado en:20141023  |k PSI